000 00402nam a2200145Ia 4500
008 231221s9999 xx 000 0 und d
041 _aEnglish
082 _a372.37 MAT;3
100 _aMathur, Satish, G
245 0 _aEducating for spirituality and better mental health
260 _c2004-05
_bRakhi
_aAgra
300 _a170
650 _aEducating,spirituality,better,mental,health
942 _cED
999 _c206670
_d206670